10 Biggest cities in Moldova - Statistics

General Stats
  • This quiz has been taken 225 times
  • The average score is 6 of 10
Answer Stats
Population Cities % Correct
635 994 Chișinău
97%
157 000 Tiraspol
90%
125 000 Bălți
71%
110 175 Bender
61%
24 918 Orhei
55%
34 492 Cahul
50%
27 423 Soroca
44%
55 455 Rîbnița
41%
34 422 Ungheni
39%
23 254 Dubăsari
35%
No matching quizzes found
Score Distribution
Percent of People with Each Score
Percentile by Number Answered
Your Score History
You have not taken this quiz